Rihanna 'Unfaithful' Lyrics - Statistics

General Stats
  • This quiz has been taken 893 times
  • The average score is 275 of 355
Answer Stats
Answer % Correct
A
99%
I
99%
Do
95%
The
94%
Be
93%
Don't
92%
In
92%
This
92%
He
91%
Unfaithful
91%
Wanna
91%
And
90%
It
90%
Anymore
89%
See
89%
That
89%
Him
88%
Know
88%
Reason
88%
To
88%
Inside
87%
I'm
86%
Life
86%
With
85%
More
84%
My
84%
Why
84%
Guy
82%
Door
80%
Other
80%
Some
80%
Can
79%
Happy
79%
Kills
79%
Me
78%
Am
77%
Everytime
76%
Little
76%
Murderer
76%
Of
76%
Out
76%
Walk
76%
Knows
75%
Love
75%
Is
74%
Dying
73%
For
73%
Story
73%
Hurt
72%
But
70%
His
69%
Die
67%
Take
67%
Cause
66%
Right
66%
Away
65%
Searching
65%
Go
63%
Than
61%
Keeps
60%
Man
59%
Sky
59%
Avoiding
58%
Blue
58%
Soul
58%
He's
56%
Company
54%
Because
53%
Sorrow
53%
Just
50%
We
49%
Really
47%
As
44%
Can't
43%
Seems
43%
Wrong
42%
Are
41%
Feel
40%
True
40%
Clouds
39%
Girls
39%
Lie
39%
Loves
39%
Another
38%
Rolling
37%
Well
37%
Tell
36%
Again
35%
Hair
35%
Hanging
35%
Have
35%
Where
35%
Air
34%
Both
34%
Doing
34%
Gone
34%
Won't
34%
Didn't
33%
Kiss
33%
Long
33%
Say
33%
About
32%
Day
31%
Preparing
30%
Cheek
29%
Head
27%
Upon
27%
Very
27%
Get
26%
Gun
26%
Gonna
25%
If
25%
Put
25%
Late
23%
Our
23%
Over
23%
Might
19%
Trust
18%
Woah
5%
Ran
4%
No matching quizzes found
Score Distribution
Percent of People with Each Score
Percentile by Number Answered
Your Score History
You have not taken this quiz